[Event "Pula zt 1.2"]
[Site "Pula"]
[Date "2000.04.13"]
[Round "3"]
[White "Huzman, Alexander"]
[Black "Mitkov, Nikola"]
[Result "1/2-1/2"]
[WhiteElo "2570"]
[BlackElo "2545"]
[Annotator "Golod,V"]
[PlyCount "75"]
[EventDate "2000.04.11"]
[EventType "swiss"]
[EventRounds "11"]
[EventCountry "CRO"]
[SourceTitle "CBM 077"]
[Source "ChessBase"]
[SourceDate "2000.07.27"]
[SourceVersion "1"]
[SourceVersionDate "2000.07.27"]
[SourceQuality "1"]

1. d4 Nf6 2. c4 e6 3. Nc3 Bb4 4. Qc2 d5 5. cxd5 exd5 6. Bg5 h6 {Other
possibilities are:6...c5 and 6...c6} 7. Bh4 c5 8. dxc5 Be6 {Dubious novelty.} (
{Was checked in the previous games:} 8... Nbd7 $2 9. O-O-O Qa5 10. Nxd5 Nxd5
11. Qe4+ Kf8 12. Qxd5 $18 {Najdorf,Miguel-Porath,Yosef/Buenos Aires,ol 1939
(1-0)(51)}) (8... O-O 9. e3 $5 ({After:} 9. O-O-O $6 {the position is very
complicated and dangerous for both sides:} Bxc3 10. Qxc3 g5 11. Bg3 Bf5 12. f3
(12. h4 $5 $132) 12... Nbd7 13. Bd6 Rc8 14. e4 Bxe4 15. Bd3 $132 (15. h4 $143 {
[%cal Gh4g5]} Nxc5 16. Bxc5 b6 17. Bxf8 Rxc3+ 18. bxc3 Qxf8 $15) 15... Nxc5 16.
Bxc5 b6 17. Kb1 Rxc5 18. Qd2 Bxd3+ {Relange,Eloi-Sosonko,Gennadi/Cannes op,
1995(1/2-1/2)}) 9... Nbd7 10. Bd3 Qa5 11. Nge2 Bxc3+ 12. Qxc3 Qxc3+ 13. Nxc3
Nxc5 14. Bc2 g5 15. Bg3 Be6 16. f3 $14 {Kasparov,Gary-Kortschnoj,Viktor/
Tilburg, 1989(1-0)(29)}) (8... d4 $6 9. O-O-O Qa5 10. Bxf6 gxf6 11. Ne4 Be6 12.
a3 Nc6 13. axb4 Nxb4 14. Nd6+ Kf8 15. Nxb7 Qa6 16. Qe4 Qc4+ 17. Kd2 Bd5 18. Nd6
Qxc5 19. Qf4 Rd8 20. Qxf6 Qxd6 21. Qxh8+ Ke7 22. Qxd4 Be6 23. e3 $16 {Comp
Saitek Sparc-Balashov,Yuri/Muenster op,1993(1-0)(55)}) (8... g5 $5 9. Bg3 d4
10. O-O-O Qa5 11. Rxd4 Nc6 12. Rd6 Bxc3 13. bxc3 Nh5 14. e4 Nxg3 15. hxg3 Be6
16. f4 (16. Rd2 Qxc5 17. f3 $14) 16... Qxc5 17. e5 $14 {Sherbakov,
Ruslan-Balashov,Yuri/Kurgan, 1995(1-0)(46)}) (8... Nc6 $5 {It's main line.See
comments to Sapunov,E-Sokolov,A/St.Petersburg,1998/ CBM 67(1-0)(Golod,V)(27)})
9. e3 Nbd7 10. Bb5 $5 $14 {[%csl Rd5][%mdl 32] Good move. White's plan is to
change pieces, except of Be6, and to play against isolated pawn d5.} Rc8 (10...
g5 $6 11. Bg3 $140 Rc8 $2 12. c6 $1 bxc6 13. Ba6 $16 {[%csl Rc8]}) 11. Nge2
Rxc5 12. Bxd7+ $1 Bxd7 (12... Qxd7 $143 13. Bxf6 gxf6 14. Rd1 $16 {[%csl Rd5,
Rf6,Rf7]}) 13. Qb3 {[%csl Rb4,Rd5]} Rc4 {[%csl Rh4][%cal Gc4h4]} 14. Bxf6 $1 ({
Badly:} 14. Nd4 $2 {because of:} g5 15. Bg3 $140 Ne4 {[%csl Rc3]} 16. Nde2 Qa5
{[%csl Rc3][%cal Gd7a4]} 17. a3 (17. Be5 $2 f6 18. Bd4 Ba4 $1 $19 {[%csl Rb3]})
17... Nxc3 18. Nxc3 Bxc3+ 19. bxc3 Rxc3 20. Qb4 Qxb4 21. axb4 O-O $44) 14...
Qxf6 15. O-O {[%csl Rd5]} Bc6 (15... Qe5 $143 16. a3 {+/=/+/-}) 16. Rad1 {
[%csl Rd5]} Bxc3 $6 (16... Qe5 $142 17. e4 $1 {[%csl Rc4]} O-O 18. exd5 Bd6 19.
Ng3 Rb4 20. Qc2 Bd7 21. Rfe1 {With certain chances connected with par of BB.})
17. Nxc3 Qe6 18. Qa3 $1 {[%csl Ra7,Re8][%cal Ga3f8,Ga3a7]} (18. Nb5 $143 O-O
19. Nd4 (19. Nxa7 $2 Ba4 20. Qxb7 Bxd1 21. Rxd1 d4 $17) 19... Qe7 20. Qd3 $14 {
[%cal Gb2b3]}) (18. Rd3 $5 Rg4 19. Ne2 O-O (19... d4 20. f3 $18) 20. Nf4 {
+/=/+/-}) 18... a6 19. Rd3 f6 {[%csl Rf8][%cal Ga3f8,Ye8f7] 0-0 is impossible,
so this is a way to complete development.} ({Impossibly:} 19... Rg4 20. Rfd1
$140 d4 {in view of:} 21. e4 $18 {[%csl Re8]}) 20. Rfd1 Kf7 21. h3 $5 {[%csl
Yh3][%cal Yh3g4]} (21. Nxd5 $2 Bxd5 $1 (21... Rd8 $2 22. Nf4 $16) 22. b3 $5 {
[%csl Yc1][%cal Ga3c1]} (22. Rxd5 Qxd5 $19 {[%csl Rg1]}) 22... Bxg2 $1 23. Rd7+
Kg6 24. bxc4 Qg4 25. Qd6 Bf3+ 26. Qg3 Bxd1 27. Rxd1 Qxg3+ 28. hxg3 Rc8 $11) ({
Probably,better is:} 21. b3 $1 Rg4 22. Nxd5 Rd8 23. Qa5 $1 {[%csl Yd5,Rd8]
[%cal Ga5d8,Ga5d5]} Qe4 24. g3 Rd7 25. Qd2 $16 {[%cal Gd2e2]}) 21... Rd8 22. b3
Rh4 23. Qa5 Rd7 24. e4 (24. Ne2 $5 $16) 24... d4 25. Rxd4 Rxd4 26. Rxd4 {
White have P over and clear advantage.} Kg8 27. Qc5 ({Can be recommended:} 27.
f3 $16) 27... Kh7 28. Rd6 ({Again good enough:} 28. f3 $16) 28... Qe8 29. Qd4
$2 {[%mdl 8192] Tactical blunder.} (29. Qf5+ {was keep advantage:} Kg8 30. Re6
Qf7 31. Nd5 Bd7 32. Ne7+ Kh8 33. Ng6+ Kg8 34. Nxh4 Bxe6 35. Qc5 $16) 29... Qg6
$1 $11 {[%csl Re4,Rh3]} (29... Bxe4 $4 30. f3 $18 {[%csl Gd4,Rh4]}) 30. Re6 ({
Also leads to equal position:} 30. Kh2 Bxe4 31. Nxe4 (31. f3 $2 Bxf3 {[%csl
Rg2]} 32. Qf2 Be4 33. Rd4 f5 $17) 31... Rxe4 $11) 30... Rxh3 31. Nd5 Bxd5 32.
Qxd5 Rh5 (32... Rc3 33. Qd2 Rc7 34. f3 $11) 33. Qd2 Qg4 (33... Rh4 34. Qe2 $11
{[%cal Ge2h5,Ge2e4]}) 34. Re7 $1 {[%cal Ge7g7,Ge7b7]} Qh4 (34... b5 35. Qd7 Qg6
$11) 35. Rxg7+ $8 Kxg7 36. Qd7+ Kf8 ({Also clear draw after:} 36... Kg6 37.
Qe8+ Kg7 $11 (37... Kg5 $4 38. Qg8+ Kf4 39. g3+ $18 {[%csl Rf4,Rh4]})) 37. Qd8+
Kf7 38. Qd7+ 1/2-1/2

[Event "EU-chT (Men) 15th"]
[Site "Gothenburg"]
[Date "2005.08.04"]
[Round "6.2"]
[White "Istratescu, Andrei"]
[Black "Aronian, Levon"]
[Result "1/2-1/2"]
[WhiteElo "2624"]
[BlackElo "2724"]
[Annotator "Golod,V"]
[PlyCount "57"]
[EventDate "2005.07.30"]
[EventType "team-swiss"]
[EventRounds "9"]
[EventCountry "SWE"]
[SourceTitle "CBM 109"]
[Source "ChessBase"]
[SourceDate "2005.11.14"]
[SourceVersion "1"]
[SourceVersionDate "2005.11.14"]
[SourceQuality "1"]
[WhiteTeam "Romania"]
[BlackTeam "Armenia"]
[WhiteTeamCountry "ROU"]
[BlackTeamCountry "ARM"]

1. d4 Nf6 2. c4 e6 3. Nc3 Bb4 4. Qc2 d5 5. cxd5 exd5 6. Bg5 c5 7. e3 cxd4 8.
exd4 Nc6 9. Bb5 h6 10. Bh4 g5 $5 {A very sharp move.} ({A main alternative to
this move is:} 10... O-O $5 {See my comments to Kozul,Z-Adams,M/Mallorca,2004/
CBM 104(0-1)(39)}) ({Also was tested:} 10... a6 $6) 11. Bg3 Qb6 $1 $146 {
[%csl Rb5,Rd4,Re1][%cal Gb6b5,Gb6d4]} ({Previously} 11... Ne4 $143 {was
checked:} 12. Nge2 Bf5 13. Qa4 O-O 14. O-O Bxc3 15. Nxc3 Nxc3 (15... Nxg3 $5)
16. bxc3 Na5 17. Rfe1 a6 18. Bf1 b5 19. Qb4 $16 {Priehoda,V-Plachetka,J/Prague,
1992(1/2-1/2)(35)}) 12. Bxc6+ (12. Be5 $143 Qxb5 13. Bxf6 O-O $15 {[%csl Re1]
[%cal Gf8e8]}) 12... Qxc6 (12... bxc6 $6 13. Be5 Be7 14. Nge2 O-O 15. O-O $14)
13. Nge2 Ne4 14. O-O Bf5 {Besides this move Black could choose between:} (14...
Be6 $5) ({and} 14... O-O $5) 15. Qb3 Bxc3 16. Nxc3 (16. Rfc1 $5 O-O 17. Nxc3
Rac8 $13) (16. bxc3 $4 Nd2 $17 {[%csl Rb3,Gd2,Rf1]}) 16... Nxc3 17. bxc3 O-O {
+/=/= In the arising position with bishops of opposite colors, White has a
little advantage and a draw is not far away.} 18. Rfe1 Rfe8 19. h4 ({Also
after:} 19. Re5 Rxe5 20. dxe5 (20. Bxe5 f6 21. Bg3 Re8 $11) 20... Rc8 {White
hasn't something special.}) 19... f6 20. hxg5 hxg5 $11 {It's clear that the
position is absolutely equal and the next moves are for formality only.} 21. f3
Kf7 22. Rxe8 Rxe8 23. Re1 Rxe1+ 24. Bxe1 Bd3 25. Bg3 Qd7 26. Qa3 g4 27. Qd6 {
White even doesn't try to take the pawn:} (27. Qxa7 $5 gxf3 28. gxf3 Qh3 29.
Qxb7+ Kg6 30. Qb8 Qf1+ 31. Kh2 Qe2+ 32. Kh3 (32. Kg1 Qf1+ $11) 32... Bf5+ 33.
Kh4 Qxf3 34. Qg8+ Kh6 35. Qh8+ Kg6 36. Qg8+ $11) 27... Qxd6 28. Bxd6 Bc4 29. a3
1/2-1/2

[Event "St Petersburg-ch"]
[Site "St Petersburg"]
[Date "2003.04.22"]
[Round "7"]
[White "Popov, Valerij"]
[Black "Loginov, Valery A"]
[Result "1-0"]
[WhiteElo "2570"]
[BlackElo "2540"]
[Annotator "Golod,V"]
[PlyCount "49"]
[EventDate "2003.04.16"]
[EventType "tourn"]
[EventRounds "13"]
[EventCountry "RUS"]
[EventCategory "11"]
[SourceTitle "CBM 095"]
[Source "ChessBase"]
[SourceDate "2003.07.25"]
[SourceVersion "1"]
[SourceVersionDate "2003.07.25"]
[SourceQuality "1"]

1. d4 Nf6 2. c4 e6 3. Nc3 Bb4 4. Qc2 d5 5. cxd5 exd5 6. Bg5 h6 7. Bh4 c5 8.
dxc5 Nc6 9. e3 g5 10. Bg3 Ne4 {Comments to this part of the game (from 6...h6
to 10...Ne4) and also 11.Nf3!? you cand find in annotations to game: Sapunov,
E-Sokolov,A/St.Petersburg,1998/CBM 67(1-0)(Golod,V)(27)} 11. Bb5 $6 {I study
this system rather long.This move is unsuccessful attempt to bring in a "new
word" in the theory of this variant.It deserves attention:} (11. Nf3 {,as in a
previously mentioned comments.}) 11... Qa5 $5 ({Also good enough:} 11... Bf5
12. Bxc6+ (12. Qb3 $6 Qa5 $15) (12. Qa4 $6 O-O $15 {[%csl Rc5,Re1]} (12... Nxc3
$2 13. Qxb4 Nxb5 14. Qxb5 $16)) (12. Bd3 $6 Qa5 $36) 12... bxc6 13. Qa4 Bxc3+
14. bxc3 Qd7 $13) 12. Bxc6+ bxc6 {It became already clear, that black have
decided all opening problems.} 13. Nge2 Bxc3+ $6 $146 ({In my opinion, it was
much better:} 13... Bf5 14. Qc1 Nxc3 {1/2-1/2 Hoffmann,M-Farago,I/Lippstadt,
1994(14)} (14... Nxc5 $6 15. O-O {[%csl Re8] +/=/=}) 15. Nxc3 Qxc5 $11) 14.
Nxc3 Qxc5 $6 {Again dubious decision!} ({Also weakly:} 14... Nxg3 15. hxg3 $140
Qxc5 {in view of:} 16. O-O {/\Rac1,Na4+/=}) ({Can be recommended:} 14... Nxc3
15. Qxc3 Qxc3+ 16. bxc3 Bf5 {and after exchange of the queens,White should
play extreme precisely to receive advantage.}) 15. Rc1 ({It was better to
remove of the bishop from point "g3":} 15. Be5) 15... Nxc3 $6 {Why Black did
not use a mistake of the contender?:} (15... Nxg3 16. hxg3 Ba6 17. a3 {[%cal
Gc3a4] +/=/=}) 16. Be5 $1 $14 {/^a1-h8} O-O $2 {[%csl Rg8] Here Black's king
is under direct attack.} ({Is a possibble continuation of the play:} 16... Rg8
$5 17. Bxc3 Qc4 {[%csl Re1][%cal Yc4f1]} 18. Qh7 Rg6 $14) 17. Bxc3 Ba6 {
[%csl Re1][%cal Ya6f1]} 18. h4 Rfe8 $2 {Black obviously have lost a "string of
game".} (18... g4 $142 19. Qf5 Qc4 {[%csl Re1][%cal Gc4e2]} 20. Rc2 Qe4 21. Qf6
Qh7 22. Rd2 $16 {[%csl Rc6][%cal Gh4h5]}) 19. hxg5 $1 {White have calculated
precisely all consequences of this move.} d4 $140 ({Senselessly:} 19... Rxe3+ {
in view of:} 20. fxe3 Qxe3+ 21. Kd1 $18 {[%csl Yd1]}) 20. Rxh6 $1 $18 (20. Bxd4
$4 Qxd4 {[%csl Re1]}) 20... dxc3 $8 21. Qh7+ Kf8 22. Qh8+ Ke7 23. Qf6+ Kd7 $8 (
23... Kf8 24. Rh8#) 24. Rxc3 Bc4 ({Nothing changes,after:} 24... Qd5 25. Rxc6 {
[%csl Ra6,Rd5,Rd7][%cal Gc6d6]} Re6 $8 26. Qxf7+ Kxc6 27. Rxe6+ Kb5 (27... Kc5
28. Qc7+ {[%cal Ge6e5]} Kb4 29. Qc3+ Ka4 30. b3+ Ka3 31. Rxa6+) 28. a4+ $1 {
[%csl Rd5,Gf7][%cal Ye6a6]} Kb4 (28... Kc4 29. Rc6+) 29. Rb6+ axb6 30. Qxd5 $18
) 25. Rh4 {[%csl Rc4] Further resistance is impossible.} 1-0

[Event "Bundesliga 0506"]
[Site "Germany"]
[Date "2005.10.22"]
[Round "1.1"]
[White "Landa, Konstantin"]
[Black "Aronian, Levon"]
[Result "1/2-1/2"]
[WhiteElo "2600"]
[BlackElo "2724"]
[Annotator "Golod,V"]
[PlyCount "50"]
[EventDate "2005.10.21"]
[EventType "team-tourn"]
[EventRounds "15"]
[EventCountry "GER"]
[SourceTitle "CBM 110"]
[Source "ChessBase"]
[SourceDate "2006.01.31"]
[SourceVersion "1"]
[SourceVersionDate "2006.01.31"]
[SourceQuality "1"]
[WhiteTeam "Muelheim Nord"]
[BlackTeam "Kreuzberg"]
[WhiteTeamCountry "GER"]
[BlackTeamCountry "GER"]

1. d4 Nf6 2. c4 e6 3. Nc3 Bb4 4. Qc2 d5 5. cxd5 exd5 6. Bg5 c5 7. dxc5 h6 8.
Bh4 g5 9. Bg3 Ne4 10. e3 Qa5 11. Nge2 Nc6 12. O-O-O $6 {A rare move.} ({
Previously was checked:} 12. a3 $5) ({and} 12. f3) 12... Bf5 13. Nxe4 ({
Too risky for White:} 13. Be5 $2 O-O $1 14. Nxd5 $140 Nxe5 15. Ne7+ Kh8 16.
Nxf5 Nxf2 17. Rd6 f6 18. Rg1 Rac8 19. Kb1 Rxc5 $19) 13... Bxe4 14. Qb3 Qxc5+
15. Nc3 O-O (15... Rc8 $5 {could be recommended:} 16. a3 (16. f3 $143 Qxe3+ 17.
Rd2 Bf5 $15) 16... Bxc3 17. Qxc3 Na5 18. Kd2 (18. Qxc5 $4 Nb3#) 18... Qxc3+ 19.
bxc3 Ke7 20. f3 Bg6 21. Bd3 Bxd3 22. Kxd3 Nc4 {=/=/+}) 16. Bd6 $1 $146 (16.
Rxd5 $2 Bxd5 17. Qxd5 Qxd5 18. Nxd5 Rfd8 19. e4 Rac8 {=/+/-/+ Nicoara,
M-Bogoevski,J/Moscow,1994(1-0)(78)}) 16... Qxd6 17. Nxe4 Qg6 $11 {It's clear
that Black successfully solved all of his opening problems. The weakness of
the "d5" pawn opens the position of White's king.} (17... Qe7 $143 18. Ng3 $14
{[%csl Rd5]}) 18. Nc3 (18. Ng3 $2 {is now bad and refuted by:} Rac8 $19 {
[%csl Rc1,Gc8][%cal Yg6b1]}) 18... Rac8 ({Also possible:} 18... Bxc3 $5 19.
Qxc3 (19. bxc3 $143 Qf6 $1 $36) 19... Rac8 20. Bd3 Qe6 21. Kb1 Rfd8 $11) 19.
Bd3 Qg7 $5 {By this move Levon Aronian prepares a trap for his opponent.} (
19... Qe6 $143 20. Kb1 d4 21. Nd5 (21. Bc4 $6 Qf5+ 22. Bd3 Qe6 23. Bc4 Qf5+ $11
) (21. Qxe6 $6 fxe6 22. Ne4 dxe3 23. fxe3 Ne5 24. Bc2 $11) 21... Bd6 22. e4 $14
) 20. Kb1 ({After:} 20. Bf5 $2 Bxc3 $1 21. Bxc8 $140 Rxc8 22. bxc3 (22. Qxc3 $4
Ne7 $19) 22... Na5 23. Qb4 (23. Qb2 $2 Rxc3+ 24. Kb1 Nc4 $19) {[%tqu "En",
"Find the best continuation for Black?","","","c8c4","",10]} 23... Rc4 $1 (
23... Rxc3+ $5 24. Kb1 Nc4 25. Rd4 Qg6+ 26. Ka1 Qc2 $40 {[%csl Ra1][%cal Cd4d5,
Gc3a3]}) 24. Qxa5 $140 b6 25. Qb5 Qxc3+ 26. Kb1 Rb4+ 27. Qxb4 Qxb4+ $17 {
Black's advantage is obvious thanks to the active queen and the weak position
of White's king.}) (20. Bc2 $5 Bxc3 21. Qxc3 Qxc3 22. bxc3 Ne7 23. Kd2 f5 $11 {
[%cal Yg8f7,Yf7e6]}) 20... Bxc3 21. Qxc3 Qxc3 22. bxc3 $11 {In the arisen
endgame, the chances of both players are equal. The pawns "c3" and "d5" are
mutually weak and Black's knight is not worse than White's bishop.} Ne5 23. Be2
{קd5 It's important to prevent the knight from jumping to "c4".} (23. Bf5 $143
Rc5 {[%cal Ge5c4,Yc5d5]}) 23... Rfd8 24. Kb2 Nc4+ 25. Bxc4 Rxc4 {In this rook
ending, both sides have no chances of improving their position. Therefore, the
opponents agreed to a draw.} 1/2-1/2

[Event "YUG-ch 56th"]
[Site "Herceg Novi"]
[Date "2001.03.26"]
[Round "4"]
[White "Ivanisevic, Ivan"]
[Black "Antic, Dejan"]
[Result "1-0"]
[WhiteElo "2560"]
[BlackElo "2481"]
[Annotator "Golod,V"]
[PlyCount "105"]
[EventDate "2001.03.23"]
[EventType "tourn"]
[EventRounds "15"]
[EventCountry "YUG"]
[EventCategory "10"]
[SourceTitle "CBM 083"]
[Source "ChessBase"]
[SourceDate "2001.07.05"]
[SourceVersion "1"]
[SourceVersionDate "2001.07.05"]
[SourceQuality "1"]

1. d4 Nf6 2. c4 e6 3. Nc3 Bb4 4. Qc2 d5 5. cxd5 exd5 6. Bg5 h6 7. Bxf6 {
Now white can expect only minimal advantage.} ({More essentially:} 7. Bh4 $5)
7... Qxf6 8. a3 Bxc3+ 9. Qxc3 O-O (9... Nd7 $5 {See comments to Hoffman,A-Van
Riemsdijk,H/Pinamar,2001/CBM 82(1-0)   (Golod,V)(45)}) 10. e3 Bf5 11. Ne2 ({
Also it deserves attention:} 11. Nf3) ({and} 11. Rc1) (11. Qxc7 $6 Rc8 12. Qxb7
Nc6 $36) 11... Rc8 (11... Nd7 $5 {You can see comments to Ivanov,S-Yemelin,V/
St.Petersburg,1998/CBM 67(1/2-1/2) (Golod,V)(55)}) 12. Nf4 $5 {Besides this
move,white has several options:12.Ng3;12.Rd1;12.Rc1 and 12.b4.} c6 ({Good
enough:} 12... c5 $1 13. dxc5 (13. Nxd5 Qd6 $44) 13... Qxc3+ 14. bxc3 Rxc5 15.
Rd1 Nd7 (15... Rxc3 $6 16. Nxd5 Rc5 17. Ne7+ Kf8 18. Nxf5 Rxf5 19. Rd8+ Ke7 20.
Rg8 $36) 16. Nxd5 Kf8 17. Rd4 Nb6 $11 {Kortschnoj,V-Beliavsky,A/Moscow,1973(1/
2-1/2)(30)}) 13. Be2 Nd7 14. O-O Qe7 15. Qb4 $5 {[%csl Rb7,Re7]} Qxb4 $146 ({
Was checked in the previous game:} 15... Qd8 $5 16. Qxb7 Rab8 17. Qa6 (17. Qxa7
Ra8 18. Qb7 Rab8 19. Qa6 Ra8 $11) 17... Rxb2 (17... Rb6 $5) 18. Bd3 {+/=/=
Doroshkievich,V-Morozevich,A/Novgorod,1997(1/2-1/2)(49)}) 16. axb4 {[%cal
Gb4b5] At white the pawns structure is a little spoiled, but black can not it
use and also can not receive game on queen side.} a6 {[%csl Ya6,Yc6]} 17. g4
Bh7 18. h4 {White can develop activity only on this flank.} Re8 ({Is a
possible continuation of the play:} 18... g5 $5) 19. Ra3 Rad8 20. g5 hxg5 21.
hxg5 Bf5 $11 {/^b1-h7} 22. Bd3 {It is necessary to exchange the black bishop,
differently it is not visible what to do further.} Bxd3 23. Nxd3 Nf8 $6 {
A little passively.In my opinion it was better:} (23... Re4 $5 {[%csl Ye4,Rg5]
[%cal Ge4g4]} 24. Kh2 $11) 24. Ne5 Nd7 25. Ng4 Nb6 (25... f6 $5 26. gxf6 gxf6 {
[%cal Gg8f7] with equal odds in the middlegame.}) 26. b3 Nc8 27. f3 Nd6 28. Kf2
Re6 29. Rh1 {/\Rh5; Ra1-h1->} Kf8 30. Raa1 Ke7 31. Ne5 $14 {The passive game
black has resulted them in an a little bit worse position.} Rg8 32. Rh7 Kd8 33.
Rah1 Kc7 {[%csl Rb3,Rb4][%cal Gc7b6,Gb6b5] Black king is available to attack
white's weakness of the queen side.} 34. Ke2 {[%cal Ye2d3]} Re7 ({And still it
deserves attention:} 34... Kb6 $5 $132 {[%csl Rb4][%cal Gb6b5]}) 35. Kd3 Kd8
36. R1h4 f6 $6 {Obvious oversight.} ({Can be recommended:} 36... Rge8 $5 {
[%cal Gf7f6]} 37. Rxg7 $140 $2 (37. Rh3 $5 $14) 37... Nf5 38. Rhh7 Nxg7 39.
Rxg7 f6 $1 40. gxf6 (40. Rxe7 Kxe7 $17) 40... Rxg7 41. fxg7 Rg8 $17) 37. gxf6
gxf6 38. Rxe7 Kxe7 39. Rh7+ Ke6 ({Slightly better is:} 39... Ke8 40. Nd7 $140
Rg6 41. Nc5 $36 {[%csl Ra6,Rb7,Gc5,Gh7]}) 40. Nd7 $16 {[%csl Re6][%cal Gd7c5]}
Rg1 ({Also white save a big advantage,after:} 40... Kf5 41. Nc5 b6 42. Nxa6 Ra8
43. Nc7 Ra7 {[%csl Ga7,Rh7]} 44. Rd7 Nb5 (44... Ne8 $143 45. e4+ dxe4+ 46.
fxe4+ Kg6 47. Ne6 $18) 45. e4+ dxe4+ 46. fxe4+ Kg6 (46... Kg5 $143 47. Ne6+)
47. Ne6 $1 $16 {[%csl Rg6][%cal Ge6f8]}) 41. Nc5+ Kf5 42. Rd7 $1 {[%csl Rb7,
Yd6][%cal Yd6b7,Gd7d6,Gd7b7] This move much better,than:} (42. Nxb7 Nxb7 43.
Rxb7 Rb1 $44 {[%csl Rb3]}) 42... Nb5 43. Rxb7 Rd1+ 44. Kc2 Rf1 45. Rb6 $1 {
Ivanisevic very strongly will carry out a final part of a game.} Rxf3 46. Kd3
Nd6 ({Also loses:} 46... Rf1 47. Rxa6 Rh1 48. Rxc6 Rd1+ 49. Kc2 {and
impossibly:} Rxd4 {because of:} 50. Rb6 Rxb4 51. Kb2 $18 {[%csl Rb4,Rb5,Gb6]
[%cal Gc5d3,Yb4b5]}) 47. Rxa6 Ne4 48. Rxc6 Rf2 {[%cal Gf2d2]} 49. Nxe4 $8 dxe4+
50. Kc4 $18 Rc2+ (50... Re2 $144 51. b5 Rxe3 52. b6 $18 {[%csl Gb6][%cal Gb6b7]
}) 51. Kd5 Rd2 (51... Rb2 52. Rc3 {[%csl Yc3][%cal Yc3b3,Gb4b5]}) 52. b5 Rd3
53. Kc4 {[%csl Gb5,Yc4][%cal Yc4b3,Gb5b6,Gb6b7,Gb7b8]} 1-0